00662nam a2200205Ia 4500008004100000020001500041040001800056041000800074060001100082100002500093245008500118260005900203300003400262504002700296650001800323650002800341650003300369650002600402700002800428130821s1998 ck a gr spa  a9701018524 aCo-BoUCMbspa00aspa aWG 1401 aPozas Garza, Gerardo10aElectrocardiografía diagnósticacGerardo Pozas Garza, Pedro Iturralde Torres aBogotá (Colombia)bMc Graw Hill Interamericanac1998 axi, 172 páginasbgráficas aIncluye bibliografía04aCardiología04aCorazónxEnfermedades04aDiagnóstico por imágenes04aElectrocardiografía1 aIturralde Torres, Pedro